000 00446nam a2200181Ia 4500
001 4243
005 20260306145741.0
008 260306t2001||||xx |||||||||||||| ||spa||
041 _aESP
082 _a320.092
_bA32
100 _aAguilar, Hector Orestes (Comp.)
_eAUT
245 0 _aCarl Schmitt, teólogo de la política
260 _c2001
300 _a504 páginas :
_c23 cm.
650 _aGEN
654 _aCDE
942 _cLIB
_dJUS
_fJUS
_2ddc
_n
999 _c4243
_d4243